| 000 | 01163 a2200241 4500 | ||
|---|---|---|---|
| 005 | 20080910143138.0 | ||
| 008 | 080910t xxu||||| |||| 00| 0 hin d | ||
| 010 | _aHIN-79486 | ||
| 020 |
_c150.00 _a8181661079 |
||
| 035 | _aHN-51832 | ||
| 037 | _bD.B.Act / pub | ||
| 082 | _aक | ||
| 100 | _aवर्मा, मुकेश | ||
| 245 |
_aइस्तगासा:मुकेश वर्मा की कहानियों का दूसरा संग्रह _cमुकेश वर्मा |
||
| 246 |
_aIstgasa _bby Mukesh Verma |
||
| 260 |
_aदिल्ली _bमेधा बुक्स _c2005 |
||
| 270 |
_aएक्स-11, नवीन शाहदरा _bदिल्ली _e110032 _k22323672 _mmedhabooks@rediffmail.com |
||
| 300 |
_a152पृ _c22 सेमी (सजिल्द) |
||
| 650 | _aहिन्दी कहानियाँ | ||
| 650 | _aHindi Stories | ||
| 942 |
_adpl _cHN _kक / वर्मामु _2ddc _hक _m वर्मामु |
||
| 999 |
_c2837 _d2837 |
||